| 000 | 01528nam a22003257a 4500 | ||
|---|---|---|---|
| 005 | 20150124125436.0 | ||
| 008 | 131104t mx||||| |||| 00| 0 spa d | ||
| 050 | 0 | 4 |
_aGN560 .M53 _bM53 1994 |
| 245 | 0 | 0 |
_aMichoacán : indicadores socioeconómicos de los pueblos indígenas por Centro Coordinador Indigenista, lengua principal y localidades eminentemente indígenas / _ccoordinadores Arnulfo Embriz, Laura Ruiz ... [et al.]. |
| 250 | _a1a. ed. | ||
| 260 |
_aMéxico : _bINI, Dirección de Investigación y Promoción Cultural, _c1994 |
||
| 300 |
_ap. v. : _bmaps., tabls. ; _c29 cm. |
||
| 440 | 0 | _aPueblos Indígenas de México | |
| 650 | 7 |
_2LEMB _aAntropología social _zMichoacán de Ocampo _zMéxico |
|
| 650 | 7 |
_2LEMB _aIndígenas de México _xTarascos _xMigración interna _zMichoacán de Ocampo _vCensos |
|
| 650 | 7 |
_2LEMB _aEstadística vital _zMichoacán de Ocampo _vCensos |
|
| 650 | 7 |
_2LEMB _aIndígenas de México _xTarascos _xCondiciones económicas _zMichoacán de Ocampo _vCensos |
|
| 650 | 7 |
_2LEMB _aIndígenas de México _xTarascos _xCondiciones sociales _zMichoacán de Ocampo _vCensos |
|
| 700 | 1 |
_aEmbriz, Arnulfo, _ecoord. |
|
| 700 | 1 |
_aRuiz, Laura, _ecoord. |
|
| 700 | 1 |
_aMalcón, Anuar, _ecoord. |
|
| 700 | 1 |
_aArce, Luis, _ecoord. |
|
| 700 | 1 |
_aZapote, Enrique, _ecoord. |
|
| 700 | 1 |
_aZamora, Norberto, _ecoord. |
|
| 700 | 1 |
_aBello, Eduardo, _ecoord. |
|
| 700 | 1 |
_aGarcía, Laura, _ecoord. |
|
| 700 | 1 |
_aVelázquez, David, _ecoord. |
|
| 710 | 1 |
_aMéxico. _bInstituto Nacional Indigenista (INI) |
|
| 942 |
_2lcc _cLIB |
||
| 999 |
_c44389 _d44389 |
||